<?xml version="1.0" encoding="UTF-8"?>
<record
    xmlns:xsi="http://www.w3.org/2001/XMLSchema-instance"
    xsi:schemaLocation="http://www.loc.gov/MARC21/slim http://www.loc.gov/standards/marcxml/schema/MARC21slim.xsd"
    xmlns="http://www.loc.gov/MARC21/slim">

  <leader>01026nam a2200229 a 4500</leader>
  <controlfield tag="001">BRCA_7328</controlfield>
  <controlfield tag="005">20190320205809.0</controlfield>
  <controlfield tag="008">220812s2012----mx-a######---#000-0#spa-#</controlfield>
  <datafield tag="041" ind1=" " ind2=" ">
    <subfield code="a">spaeng</subfield>
  </datafield>
  <datafield tag="044" ind1=" " ind2=" ">
    <subfield code="a">mx</subfield>
  </datafield>
  <datafield tag="050" ind1=" " ind2="4">
    <subfield code="a">NC1807.M4</subfield>
    <subfield code="b">.B54 12 2012</subfield>
  </datafield>
  <datafield tag="245" ind1="1" ind2="0">
    <subfield code="a">12a [i.e. D&#xE9;cima Segunda] Bienal Internacional del Cartel en M&#xE9;xico = Twelfth International Poster Biennial in Mexico = Douzi&#xE8;me Biennale Internationale de l&#xB4;affiche au Mexique.</subfield>
  </datafield>
  <datafield tag="260" ind1=" " ind2=" ">
    <subfield code="a">M&#xE9;xico</subfield>
    <subfield code="b">Bienal Internacional del Cartel en M&#xE9;xico</subfield>
    <subfield code="c">2012</subfield>
  </datafield>
  <datafield tag="300" ind1=" " ind2=" ">
    <subfield code="a">202 p.</subfield>
    <subfield code="b">il. a color</subfield>
    <subfield code="c">33 cm.</subfield>
  </datafield>
  <datafield tag="500" ind1=" " ind2=" ">
    <subfield code="a">Cat&#xE1;logo de la exposici&#xF3;n realizada en el Museo Franz Mayer (Ciudad de M&#xE9;xico), 31 octubre, 2012 - 24 enero, 2013</subfield>
  </datafield>
  <datafield tag="546" ind1=" " ind2=" ">
    <subfield code="a">Texto en : espa&#xF1;ol e ingl&#xE9;s</subfield>
  </datafield>
  <datafield tag="650" ind1="1" ind2="4">
    <subfield code="a">Carteles</subfield>
    <subfield code="v">Concursos</subfield>
    <subfield code="x">Dise&#xF1;o</subfield>
    <subfield code="z">M&#xE9;xico</subfield>
    <subfield code="9">18121</subfield>
  </datafield>
  <datafield tag="650" ind1="1" ind2="4">
    <subfield code="a">Dise&#xF1;adores gr&#xE1;ficos</subfield>
    <subfield code="v">Exposiciones</subfield>
    <subfield code="z">M&#xE9;xico</subfield>
    <subfield code="9">18122</subfield>
  </datafield>
  <datafield tag="740" ind1="0" ind2=" ">
    <subfield code="a">Twelfth International Poster Biennial in Mexico</subfield>
  </datafield>
  <datafield tag="740" ind1="0" ind2=" ">
    <subfield code="a">Douzi&#xE8;me Biennale Internationale de l&#xB4;affiche au Mexique</subfield>
  </datafield>
  <datafield tag="942" ind1=" " ind2=" ">
    <subfield code="2">lcc</subfield>
    <subfield code="c">B</subfield>
  </datafield>
  <datafield tag="999" ind1=" " ind2=" ">
    <subfield code="c">7004</subfield>
    <subfield code="d">7004</subfield>
  </datafield>
  <datafield tag="952" ind1=" " ind2=" ">
    <subfield code="0">0</subfield>
    <subfield code="1">0</subfield>
    <subfield code="4">0</subfield>
    <subfield code="7">0</subfield>
    <subfield code="a">BRCA</subfield>
    <subfield code="b">BRCA</subfield>
    <subfield code="d">2012-08-22</subfield>
    <subfield code="l">0</subfield>
    <subfield code="o">NC1807.M4 .B54 12 2012</subfield>
    <subfield code="p">02702</subfield>
    <subfield code="r">2019-03-22 00:00:00</subfield>
    <subfield code="w">2019-03-22</subfield>
    <subfield code="y">B</subfield>
  </datafield>
</record>
